Tribhuvan University Central Library

The necklace of the Kailash: (Record no. 119034)

MARC details
000 -LEADER
fixed length control field 00522nam a22001577a 4500
008 - FIXED-LENGTH DATA ELEMENTS--GENERAL INFORMATION
fixed length control field 250103b |||||||| |||| 00| 0 eng d
020 ## - INTERNATIONAL STANDARD BOOK NUMBER
International Standard Book Number 9789937161749
082 ## - DEWEY DECIMAL CLASSIFICATION NUMBER
Edition number 23rd ed
Classification number 610/T789n
100 ## - MAIN ENTRY--PERSONAL NAME
Personal name Tsulmi, Zhang
245 ## - TITLE STATEMENT
Title The necklace of the Kailash:
Remainder of title a history of medical science in Tibet and Zhang Zhung /
Statement of responsibility, etc. Zhang Tsulmi.
260 ## - PUBLICATION, DISTRIBUTION, ETC.
Place of publication, distribution, etc. Nagarjun Nagarpalika:
Name of publisher, distributor, etc. Zhang Zhung Tsultrim Rabten,
Date of publication, distribution, etc. 2024.
300 ## - PHYSICAL DESCRIPTION
Extent xxvii,491p.
650 ## - SUBJECT ADDED ENTRY--TOPICAL TERM
Topical term or geographic name entry element Medical Science
9 (RLIN) 9278
653 ## - INDEX TERM--UNCONTROLLED
Uncontrolled term Buddhism–Tibet
942 ## - ADDED ENTRY ELEMENTS (KOHA)
Source of classification or shelving scheme Dewey Decimal Classification
Koha item type ISBN
Holdings
Withdrawn status Lost status Source of classification or shelving scheme Damaged status Not for loan Home library Current library Date acquired Total Checkouts Full call number Barcode Date last seen Price effective from Koha item type
    Dewey Decimal Classification     Tribhuvan University Central Library Tribhuvan University Central Library 01/03/2025   610/T789n IS31061 01/03/2025 01/03/2025 ISBN
    Dewey Decimal Classification     Tribhuvan University Central Library Tribhuvan University Central Library 01/10/2025   610/T789n IS31060 01/10/2025 01/10/2025 ISBN